Conflicted superpower: (Record no. 1308506)

MARC details
000 -LEADER
fixed length control field 00779nam a22002417a 4500
005 - DATE AND TIME OF LATEST TRANSACTION
control field 20250408105434.0
008 - FIXED-LENGTH DATA ELEMENTS--GENERAL INFORMATION
fixed length control field 250408b |||||||| |||| 00| 0 eng d
020 ## - INTERNATIONAL STANDARD BOOK NUMBER
International Standard Book Number 978-0-231-18554-7 (hbk)
037 ## - SOURCE OF ACQUISITION
Terms of availability TB
040 ## - CATALOGING SOURCE
Original cataloging agency CRL
Transcribing agency CRL
041 ## - LANGUAGE CODE
Source of code eng
Language code of text/sound track or separate title eng
084 ## - COLON CLASSIFICATION NUMBER
Classification number V41:1973.P Q8
Assigning agency CRL
100 ## - MAIN ENTRY--PERSONAL NAME
Personal name Kennedy, Andrew B.
9 (RLIN) 751899
245 ## - TITLE STATEMENT
Title Conflicted superpower:
Remainder of title America's collaboration with China and India in Global innovation
260 ## - PUBLICATION, DISTRIBUTION, ETC.
Place of publication, distribution, etc. New York, USA:
Name of publisher, distributor, etc. Columbia University Press,
Date of publication, distribution, etc. 2018.
300 ## - PHYSICAL DESCRIPTION
Extent xi, 264p.
365 ## - TRADE PRICE
Price amount 37.00
Currency code USD
650 ## - SUBJECT ADDED ENTRY--TOPICAL TERM
Topical term or geographic name entry element China History
650 ## - SUBJECT ADDED ENTRY--TOPICAL TERM
Topical term or geographic name entry element American History
9 (RLIN) 751900
650 ## - SUBJECT ADDED ENTRY--TOPICAL TERM
Topical term or geographic name entry element Foreign Relation
942 ## - ADDED ENTRY ELEMENTS (KOHA)
Source of classification or shelving scheme Colon Classification (CC)
Koha item type Textbook
Classification part V41:1973.P Q8
Suppress in OPAC No

No items available.

Copyright @ Delhi University Library System